South American Cities by Picture Sudden Death - Statistics

General Stats
  • This quiz has been taken 56 times
  • The average score is 3 of 15
Answers on the Grid
Answers color-coded by a green-red scale on the quiz's grid according to % correct below.
 
Answer Stats
Answer % Correct
Manus, Brazil
58%
Natal, Brazil
50%
Belem, Brazil
50%
Trujillo, Peru
42%
Arequipa, Peru
42%
Cayenne, French Guyana
25%
Guayaquil, Ecuador
17%
Barranquilla, Colombia
8%
Ciudad Guayana, Venezuela
8%
Valparaiso, Chile
8%
Pucallpa, Peru
8%
Georgetown, Guyana
8%
Ciudad del Este, Paraguay
0%
Iquitos, Peru
0%
Port Mourant, Guyana
0%
No matching quizzes found
Score Distribution
Percent of People with Each Score
Percentile by Number Answered
Your Score History
You have not taken this quiz